[Event "Open"]
[Site "Condom FRA"]
[Date "2005.07.11"]
[Round "4"]
[White "Sulypa,A"]
[Black "Genov,Peta"]
[Result "1/2-1/2"]
[WhiteElo "2465"]
[BlackElo "2469"]

1.d4 Nf6 2.c4 e6 3.Nf3 Bb4+ 4.Bd2 Qe7 5.g3 Nc6 6.Bg2 Bxd2+ 7.Nbxd2 d6 8.Nf1 e5
9.Ne3 Bg4 10.Nxg4 Nxg4 11.e3 O-O 12.h3 Nf6 13.O-O a5 14.Qa4 Ra6 15.a3 Nd7
16.Rac1 Re8 17.Rfe1 g6 18.Kh2 Kf8 19.Kg1 Qf6 20.c5 exd4 21.exd4 Rxe1+ 22.Rxe1 dxc5
23.dxc5 Nxc5 24.Qb5  1/2-1/2

[Event "Andorra Open"]
[Site "Andorra la Vella AND"]
[Date "2005.07.13"]
[Round "5"]
[White "Postny,E"]
[Black "Maze,S"]
[Result "1-0"]
[WhiteElo "2559"]
[BlackElo "2494"]

1.d4 Nf6 2.c4 e6 3.Nf3 Bb4+ 4.Bd2 c5 5.Bxb4 cxb4 6.g3 O-O 7.Bg2 d6 8.Nbd2 Re8
9.Nf1 Qc7 10.Ne3 b6 11.O-O Bb7 12.d5 e5 13.Qd2 a5 14.Nf5 Nbd7 15.Qg5 g6 16.Bh3 Kh8
17.Nh6 Kg7 18.Nf5+ Kh8 19.Qh6 Rg8 20.Ng5 Raf8 21.Ne3 Rg7 22.a3 b3 23.Rac1 Ng8
24.Qh4 Nc5 25.f4 exf4 26.Qxf4 Re8 27.Rc3 f5 28.Bxf5 gxf5 29.Nxf5 Rxg5 30.Qxg5 Bc8
31.Re3 Bxf5 32.Rxe8  1-0

[Event "Mercosur Cup"]
[Site "Vicente Lopez ARG"]
[Date "2005.07.18"]
[Round "5"]
[White "Rodriguez,And URU"]
[Black "Slipak,S"]
[Result "1/2-1/2"]
[WhiteElo "2523"]
[BlackElo "2489"]

1.d4 Nf6 2.c4 e6 3.Nf3 Bb4+ 4.Bd2 Qe7 5.g3 Nc6 6.Nc3 Bxc3 7.Bxc3 Ne4 8.Rc1 O-O
9.Bg2 Nxc3 10.Rxc3 d6 11.O-O e5 12.dxe5 dxe5  1/2-1/2

[Event "MTO Open"]
[Site "Biel SUI"]
[Date "2005.07.20"]
[Round "3"]
[White "Sriram,J"]
[Black "Straub,P"]
[Result "1-0"]
[WhiteElo "2437"]
[BlackElo "2084"]

1.d4 Nf6 2.c4 e6 3.Nf3 Bb4+ 4.Bd2 c5 5.Bxb4 cxb4 6.g3 b6 7.Bg2 Bb7 8.O-O O-O
9.a3 Na6 10.Nbd2 d5 11.Ne5 Nd7 12.Nd3 Qe7 13.Re1 bxa3 14.Rxa3 Nb4 15.Nxb4 Qxb4
16.Qc2 Rfc8 17.Rc3 Rab8 18.cxd5 exd5 19.Bxd5 Ba6 20.Ra1 Qxd4 21.Rxa6 Rxc3
22.Bxf7+ Kxf7 23.bxc3 Qd5 24.Rxa7 Kg8 25.Qb3 Nf6 26.Qxd5+ Nxd5 27.c4 Nc3
28.e3 Rd8 29.Nf3  1-0

[Event "Politiken Cup"]
[Site "Copenhagen DEN"]
[Date "2005.07.20"]
[Round "6"]
[White "Schmidt,Ho DEN"]
[Black "Joensson,K"]
[Result "1-0"]
[WhiteElo "1955"]
[BlackElo "2124"]

1.d4 Nf6 2.Nf3 e6 3.c4 Bb4+ 4.Bd2 Qe7 5.e3 b6 6.Bd3 Bb7 7.O-O Bxd2 8.Nbxd2 c5
9.Re1 O-O 10.e4 cxd4 11.e5 Ne8 12.Nxd4 f5 13.f4 Nc6 14.N4b3 Nc7 15.Rc1 Na6
16.Nf3 Rac8 17.a3 h6 18.Qd2 Rfd8 19.Qf2 g5 20.Qg3 g4 21.h3 h5 22.hxg4 hxg4
23.Kf2 Kg7 24.Rh1 Rh8 25.Ng5 Nc5 26.Nxc5 Qxc5+ 27.Qe3 g3+ 28.Ke2 Nd4+ 29.Kd2 Nb3+
30.Ke2 Nxc1+ 31.Rxc1 Rh2 32.Nxe6+ dxe6 33.Qxg3+ Kf7 34.Qxh2 Rg8 35.Qh5+ Rg6
36.Bxf5 exf5 37.Qxf5+ Kg7 38.Qd7+ Kg8 39.Qxb7  1-0

[Event "Open A"]
[Site "Pardubice CZE"]
[Date "2005.07.26"]
[Round "5"]
[White "Hanko,P"]
[Black "Liwak,P"]
[Result "0-1"]
[WhiteElo "2214"]
[BlackElo "2340"]

1.d4 Nf6 2.Nf3 e6 3.c4 Bb4+ 4.Bd2 Qe7 5.Nc3 b6 6.g3 Bb7 7.Bg2 O-O 8.O-O d6
9.a3 Bxc3 10.Bxc3 c5 11.b4 Nbd7 12.d5 Ne4 13.Rc1 exd5 14.cxd5 f5 15.bxc5 bxc5
16.Qd3 Nb6 17.Nh4 Rae8 18.Ba1 Nxd5 19.f3 c4 20.Qd4 Nc5 21.Nxf5 Rxf5 22.e4 Nb3
23.Qxc4 Nxc1 24.exf5 Ne2+ 25.Kh1 Qf7 26.Rf2 Qxf5 27.Qb3 Qf7 28.Bf1 Ndc3  0-1

[Event "Open A"]
[Site "Pardubice CZE"]
[Date "2005.07.30"]
[Round "9"]
[White "Arutinian,D"]
[Black "Cvek,R"]
[Result "1/2-1/2"]
[WhiteElo "2446"]
[BlackElo "2479"]

1.d4 Nf6 2.c4 e6 3.Nf3 Bb4+ 4.Bd2 Qe7 5.g3 Nc6 6.Nc3 O-O 7.Bg2 Bxc3 8.Bxc3 Ne4
9.Qc2 Nxc3 10.Qxc3 Qb4 11.Qxb4 Nxb4 12.Kd2 Nc6 13.d5 Nb8 14.Nd4 d6 15.b4 Na6
16.a3 e5 17.Nb3 Bd7 18.Rhc1 b6 19.Rc3 f5 20.f4 Rae8 21.e3 Rf6 22.Ke1 Ba4
23.Nc1 Nb8 24.Kf2 e4 25.Ne2 c5 26.dxc6 Bxc6 27.Bf1 Rc8 28.Rac1 Bd7 29.Nd4 Nc6
30.Nb3 Be6 31.Be2 Rf7  1/2-1/2

[Event "15th ETC Women"]
[Site "Gothenburg SWE"]
[Date "2005.08.01"]
[Round "3"]
[White "Jiretorn,E"]
[Black "Ptacnikova,L"]
[Result "1/2-1/2"]
[WhiteElo "2134"]
[BlackElo "2204"]

1.d4 Nf6 2.c4 e6 3.Nf3 Bb4+ 4.Bd2 c5 5.Bxb4 cxb4 6.g3 b6 7.Bg2 Bb7 8.O-O O-O
9.Nbd2 Qe7 10.Qc2 d6 11.e4 e5 12.d5 a5 13.Ne1 Na6 14.Nd3 Nd7 15.a3 Ndc5 16.Nxc5 Nxc5
17.f4 f6 18.Rf2 Ba6 19.a4 g6 20.b3 Rae8 21.f5 g5 22.Bf3 Qc7 23.Re1 Re7 24.Bh5 Rg7
25.Re3 Bc8 26.Rg2 Bd7  1/2-1/2

[Event "Open"]
[Site "Nice FRA"]
[Date "2005.08.01"]
[Round "1"]
[White "Guglielmi,R"]
[Black "Le Roux,JP"]
[Result "0-1"]
[WhiteElo "2195"]
[BlackElo "2468"]

1.d4 Nf6 2.c4 e6 3.Nf3 Bb4+ 4.Bd2 Qe7 5.a3 Bxd2+ 6.Nbxd2 d6 7.e3 e5 8.Rc1 O-O
9.Be2 c5 10.d5 e4 11.Ng1 Re8 12.h4 Qe5 13.Qc2 Bg4 14.Qc3 Nbd7 15.Bxg4 Nxg4
16.Nh3 Qf5 17.Nf1 Ndf6 18.Ng3 Qd7 19.Qc2 b5 20.b3 Rab8 21.Ng5 Qe7 22.Qe2 bxc4
23.bxc4 Qe5 24.N5xe4 Nxe4 25.Qxg4 Nxf2 26.Qg5 Qxg5 27.hxg5 Nxh1 28.Nxh1 Rxe3+
29.Kf2 Rxa3 30.Re1 Kf8 31.Re2 Rc3 32.Ng3 Rxc4  0-1

[Event "15th ETC Women"]
[Site "Gothenburg SWE"]
[Date "2005.08.02"]
[Round "4"]
[White "Gilbert,Je"]
[Black "Fridthjofsdottir,S"]
[Result "1-0"]
[WhiteElo "2151"]
[BlackElo "1963"]

1.d4 Nf6 2.c4 e6 3.Nf3 Bb4+ 4.Bd2 Qe7 5.Nc3 O-O 6.Qc2 Bxc3 7.Bxc3 d5 8.e3 Ne4
9.Bd3 f5 10.Ne5 Nxc3 11.bxc3 Nd7 12.O-O Nxe5 13.dxe5 dxc4 14.Bxc4 Qc5 15.Qb3 Qxe5
16.Rad1 Re8 17.Rd4 c5 18.Rd3 Qc7 19.Rfd1 Kh8 20.R1d2 b6 21.Rd6 e5 22.Bb5 Rf8
23.Qd5 Rb8 24.Qxe5 Bb7 25.c4 h6 26.Rxh6+ Kg8 27.Qxc7  1-0

[Event "Open Dutch Championship"]
[Site "Dieren NED"]
[Date "2005.08.03"]
[Round "8"]
[White "Halay,T"]
[Black "Miezis,N"]
[Result "0-1"]
[WhiteElo "2320"]
[BlackElo "2527"]

1.d4 Nf6 2.c4 e6 3.Nf3 Bb4+ 4.Bd2 Qe7 5.Nc3 Bxc3 6.Bxc3 Ne4 7.Rc1 Na6 8.g3 Nb4
9.Qb3 Nxc3 10.Rxc3 c5 11.d5 b5 12.dxe6 fxe6 13.cxb5 a6 14.a3 axb5 15.Bg2 Nd5
16.Nh4 c4 17.Qxb5 Nxc3 18.Qh5+ Qf7 19.Qxf7+ Kxf7 20.Bxa8 Na4 21.Kd2 d5 22.Bc6 Nc5
23.Bb5 Bb7 24.Nf3 Kf6 25.Kc2 Rb8 26.Nd2 e5 27.Ra1 Bc8 28.a4 Bf5+ 29.Kc1 e4
30.Ra3 Ke5 31.f3 g5 32.fxe4 Bxe4 33.Bc6 Rb6 34.Be8 g4 35.a5 Rb8 36.Bc6 Na6
37.Bd7 h5 38.Bc6 Kd4 39.Bd7 Bg6 40.Be6 Nc5 41.e3+ Ke5 42.Nxc4+ Kxe6 43.Nb6 Nd3+
44.Kc2 Ne5+ 45.Kc3 Nc6 46.b4 Na7 47.Ra2 Nb5+ 48.Kb3 Be8 49.Rd2 Bc6 50.Rf2 Nd6
51.Rc2 Bb5 52.Rc7 Rb7 53.Rxb7 Nxb7 54.Na8 Kd6 55.Nb6 Nd8 56.Kc3 Nc6 57.Nc8+ Ke5
58.Kb3 Ba6 59.Nb6 Ke4 60.Kc3 Bb5 61.Kb3 Be2 62.Kc3 Bf1 63.Kb3 Na7 64.Kc3 Nb5+
65.Kd2 Nd6 66.Nd7 Bc4 67.a6 Nc8 68.Nc5+ Kf3 69.Kc3 Kxe3 70.Kb2 d4 71.Ka3 d3
72.Nxd3 Kxd3 73.Ka4 Bxa6 74.b5 Bxb5+ 75.Kxb5 Ke3 76.Kc5 Kf3 77.Kd5 Kg2 78.Ke5 Kxh2
79.Kf4 Kh3  0-1

[Event "15th ETC Women"]
[Site "Gothenburg SWE"]
[Date "2005.08.05"]
[Round "7"]
[White "Lematschko,T"]
[Black "Ptacnikova,L"]
[Result "1-0"]
[WhiteElo "2205"]
[BlackElo "2204"]

1.d4 Nf6 2.c4 e6 3.Nf3 Bb4+ 4.Bd2 c5 5.g3 b6 6.Bg2 Bb7 7.O-O O-O 8.d5 Bxd2
9.Nfxd2 e5 10.Nc3 d6 11.e4 Nbd7 12.f4 Qe7 13.Qf3 a6 14.a4 Rfb8 15.Rae1 Ne8
16.Rf2 Nc7 17.Bh3 f6 18.Nf1 Nf8 19.Ne3 Bc8 20.Bxc8 Rxc8 21.Nf5 Qd7 22.fxe5 dxe5
23.d6 Nce6 24.Ne7+ Kh8 25.Nxc8 Rxc8 26.Qf5 Qxd6 27.Rd1 Qc6 28.Rdf1 Rd8 29.Nd5 Re8
30.Qh5 Ng6 31.Qd1 Nd4 32.h4 Ne7 33.Nc3 Rd8 34.Qg4 Nc8 35.h5 h6 36.Nd5 Qd7
37.Qg6 Qe8 38.Rxf6 Qxg6 39.Rf8+ Rxf8 40.Rxf8+  1-0

[Event "HZ Open"]
[Site "Vlissingen NED"]
[Date "2005.08.07"]
[Round "2"]
[White "Roeder,M"]
[Black "Kuijpers,C"]
[Result "1-0"]
[WhiteElo "2393"]
[BlackElo "2107"]

1.d4 Nf6 2.c4 e6 3.Nf3 Bb4+ 4.Bd2 c5 5.Bxb4 cxb4 6.e3 O-O 7.Be2 d6 8.O-O b6
9.Ne1 Bb7 10.Nc2 a5 11.a3 bxa3 12.Rxa3 Nc6 13.Nc3 Nb4 14.Rb3 Nxc2 15.Qxc2 Ba6
16.Na4 Rb8 17.Ra1 Qc7 18.Rc3 Bb7 19.Qd1 Bc6 20.Bf3 Bxa4 21.Qxa4 Rfc8 22.h3 h6
23.Raa3 e5 24.Qb5 Qe7 25.Ra1 g6 26.b4 axb4 27.Qxb4 Kg7 28.Rcc1 Rc7 29.Ra6 b5
30.Raa1 Qd8 31.dxe5 dxe5 32.cxb5 Rxc1+ 33.Rxc1 Qd3 34.Bc6 Rd8 35.b6 Qe2 36.b7 Rd2
37.Qxd2 Qxd2 38.Rb1 Qc2 39.b8=Q Qxc6 40.Qxe5  1-0

[Event "FSGM August"]
[Site "Budapest HUN"]
[Date "2005.08.10"]
[Round "5"]
[White "Seres,L"]
[Black "Payen,A"]
[Result "1/2-1/2"]
[WhiteElo "2429"]
[BlackElo "2417"]

1.d4 Nf6 2.c4 e6 3.Nf3 Bb4+ 4.Bd2 a5 5.g3 d5 6.Qc2 c5 7.cxd5 cxd4 8.Nxd4 O-O
9.Bg2 Qb6 10.e3 exd5 11.O-O Nc6 12.Nxc6 bxc6  1/2-1/2

[Event "TCh-ESP Premier North"]
[Site "Barcelona ESP"]
[Date "2005.08.11"]
[Round "1"]
[White "Anguera Maestro,J"]
[Black "Gomez Anadon,D"]
[Result "1/2-1/2"]
[WhiteElo "2183"]
[BlackElo "2315"]

1.d4 Nf6 2.c4 e6 3.Nf3 Bb4+ 4.Bd2 Qe7 5.e3 b6 6.Bd3 Bb7 7.a3 Bxd2+ 8.Nbxd2 d6
9.O-O O-O 10.Qc2 e5 11.d5 a5 12.b4 Nbd7 13.Rfe1 g6 14.e4 Nh5 15.Nf1 Ra7 16.N3d2 Rfa8
17.Nb3 Qg5 18.f3 Bc8 19.g3 Ng7 20.Qd2 Qxd2 21.Nfxd2 axb4 22.axb4 Ra4 23.Rxa4 Rxa4
24.Ra1 Rxa1+ 25.Nxa1 f5 26.Nc2 Nf6 27.Ne3 Kf7 28.Kg2 fxe4 29.fxe4 Ng4 30.Ndf1 Ne8
31.Nxg4 Bxg4 32.Ne3 Bd7 33.b5 Nf6 34.h3 h6 35.Nc2 Nh7 36.Nb4 Ke7 37.Nc2 Ng5
38.h4 Nh7 39.Ne3 Kf6 40.Be2 h5 41.g4 hxg4 42.Bxg4 Nf8  1/2-1/2

[Event "ch-AUT"]
[Site "Gmunden AUT"]
[Date "2005.08.12"]
[Round "2"]
[White "Freitag,M"]
[Black "Stanec,N"]
[Result "1/2-1/2"]
[WhiteElo "2402"]
[BlackElo "2566"]

1.d4 Nf6 2.c4 e6 3.Nf3 Bb4+ 4.Bd2 Qe7 5.g3 O-O 6.Bg2 Bxd2+ 7.Qxd2 Ne4 8.Qc2 Qb4+
9.Nbd2 Nxd2 10.Nxd2 Nc6 11.e3 Qe7 12.O-O d6 13.Qc3 e5 14.d5 Nb8 15.b4 Nd7  1/2-1/2

[Event "Independence Cup A"]
[Site "Kiev UKR"]
[Date "2005.08.12"]
[Round "1"]
[White "Shalimov,V UKR"]
[Black "Kruglyakov,P"]
[Result "1-0"]
[WhiteElo "2426"]
[BlackElo "2242"]

1.d4 Nf6 2.Nf3 e6 3.c4 Bb4+ 4.Bd2 Qe7 5.g3 b6 6.Bg2 Bb7 7.O-O Bxd2 8.Qxd2 d6
9.Nc3 O-O 10.Qc2 Nbd7 11.e4 e5 12.Nd5 Nxd5 13.cxd5 Rfc8 14.dxe5 dxe5 15.Bh3 f6
16.Rfd1 Kh8 17.Rac1 a5 18.Qd2 Qd6 19.Nh4 g6 20.Nxg6+ hxg6 21.Qh6+  1-0

[Event "LAT-LIT Match"]
[Site "Liepaja LAT"]
[Date "2005.08.14"]
[Round "1"]
[White "Vilerte,T"]
[Black "Batyte,D"]
[Result "0-1"]
[WhiteElo "2217"]
[BlackElo "2131"]

1.d4 e6 2.c4 Nf6 3.Nf3 Bb4+ 4.Bd2 a5 5.Qc2 d5 6.cxd5 exd5 7.Nc3 c6 8.Bg5 Nbd7
9.e3 Qe7 10.Bd3 h6 11.Bxf6 Nxf6 12.O-O O-O 13.a3 Bd6 14.h3 Re8 15.Nd2 Be6
16.Bf5 Bc7 17.Bxe6 Qxe6 18.Rfe1 Ne4 19.Ncxe4 dxe4 20.Qc4 Qd6 21.Nf1 Re6 22.b4 Rg6
23.Rab1 b5 24.Qc5 Qe6 25.Kh1 Rg5 26.Qc3 Qg6 27.Ng3 h5 28.Rg1 Rxg3  0-1

[Event "14th Open"]
[Site "Kavala GRE"]
[Date "2005.08.15"]
[Round "5"]
[White "Antic,De"]
[Black "Ionica,I"]
[Result "1-0"]
[WhiteElo "2512"]
[BlackElo "2246"]

1.d4 Nf6 2.c4 e6 3.Nf3 Bb4+ 4.Bd2 Qe7 5.g3 Nc6 6.Nc3 Bxc3 7.Bxc3 Ne4 8.Rc1 d6
9.Bg2 O-O 10.O-O Nxc3 11.Rxc3 a5 12.d5 Nd8 13.Nd2 e5 14.c5 dxc5 15.Qc1 Bd7
16.Rd1 c6 17.Nc4 Ra6 18.d6 Qe6 19.Qe3 f6 20.Qxc5 b5 21.Nb6 Qe8 22.Qe3 Ne6
23.Bh3 Rf7 24.Nxd7 Rxd7 25.f4 Rd8 26.fxe5 Ng5 27.Bc8 Ra8 28.e6 Raxc8 29.d7 Qxe6
30.Qxe6+ Nxe6 31.dxc8=Q Rxc8 32.Rd6 Nd8 33.Rd7 Nf7 34.Rb7 Ra8 35.Rd3 Ne5
36.Rd6 Re8 37.b3 Ra8 38.Re6 h5 39.Ree7 g5 40.Rg7+ Kf8 41.Rh7 Kg8 42.Rbg7+ Kf8
43.Rxg5  1-0

[Event "Ada Open"]
[Site "Belgrade SCG"]
[Date "2005.08.17"]
[Round "3"]
[White "Cvetkovic,N"]
[Black "Radusinovic,L"]
[Result "1-0"]
[WhiteElo "2163"]
[BlackElo "1972"]

1.d4 Nf6 2.c4 e6 3.Nf3 Bb4+ 4.Bd2 Bxd2+ 5.Nbxd2 d5 6.g3 O-O 7.Bg2 Nbd7 8.O-O c5
9.cxd5 exd5 10.dxc5 Nxc5 11.Nd4 b6 12.Rc1 Bb7 13.b4 Nce4 14.b5 Rc8 15.Nxe4 Nxe4
16.Qa4 Nc5 17.Qb4 Qg5 18.Rc2 Ne4 19.Nc6 Bxc6 20.Rxc6 Rxc6 21.bxc6 Rc8 22.Qa4 Qf6
23.Bxe4 dxe4 24.Rc1 Qe7 25.c7 a5 26.Qc6 g6 27.Qxb6 Qa3 28.Rd1 Kg7 29.Qd4+ Kh6
30.Qd8 e3 31.Qxc8 exf2+ 32.Kf1 Qa4 33.Qd7 Qe4 34.Kxf2  1-0

[Event "Ada Open"]
[Site "Belgrade SCG"]
[Date "2005.08.19"]
[Round "5"]
[White "Abramovic,B"]
[Black "Lundin,J"]
[Result "1-0"]
[WhiteElo "2489"]
[BlackElo "2262"]

1.d4 Nf6 2.c4 e6 3.Nf3 Bb4+ 4.Bd2 c5 5.Bxb4 cxb4 6.g3 b6 7.Bg2 Bb7 8.Nbd2 O-O
9.Nf1 d6 10.Ne3 Nbd7 11.O-O Ne4 12.Qd3 a5 13.Rfd1 Rb8 14.Nd2 Nxd2 15.Rxd2 Bxg2
16.Nxg2 Qg5 17.e4 Rfc8 18.f4 Qh5 19.e5 dxe5 20.fxe5 Rd8 21.Qe3 Rbc8 22.b3 h6
23.Re1 a4 24.Nf4 Qg5 25.Nd3 Qe7 26.Nf2 Ra8 27.Ne4 axb3 28.axb3 Ra3 29.Nd6 f6
30.Nb5 fxe5 31.Nxa3 bxa3 32.dxe5 Ra8 33.b4 Ra7 34.Qc3 Qg5 35.Ra2 Kh7 36.Rxa3 Rxa3
37.Qxa3 Qd2 38.Qc1 Qxb4 39.Qb1+ Qxb1 40.Rxb1 Nxe5 41.Rxb6 Nxc4 42.Rxe6 Kg8
43.Kf2 Kf7 44.Ra6 Ne5 45.h3 Ng6 46.Ke3 Ne7 47.Ke4 Ng6 48.h4 Nf8 49.Kf5 g6+
50.Kf4 Kg7 51.Ke5 Nd7+ 52.Kd6 Nf6 53.Ke6 Ng4 54.Ra7+ Kg8 55.Ra4 h5 56.Rxg4 hxg4
57.Kf6 Kh7 58.Kg5 Kg7 59.Kxg4 Kh6 60.Kf3 g5 61.Kg4 gxh4 62.Kxh4 Kg6 63.Kg4 Kh7
64.Kh5 Kg7 65.Kg5 Kf7 66.Kf5 Kg8 67.Kg6 Kh8 68.g4 Kg8 69.g5 Kh8 70.Kf7  1-0

[Event "Independence Cup A"]
[Site "Kiev UKR"]
[Date "2005.08.19"]
[Round "8"]
[White "Baryshpolets,A"]
[Black "Kazarian,G"]
[Result "1-0"]
[WhiteElo "2196"]
[BlackElo "2133"]

1.d4 Nf6 2.Nf3 e6 3.c4 Bb4+ 4.Bd2 Qe7 5.g3 b6 6.Bg2 Bb7 7.O-O Bxd2 8.Qxd2 d6
9.Nc3 Nbd7 10.Rfe1 Ne4 11.Qc2 Nxc3 12.Qxc3 f5 13.Nd2 Bxg2 14.Kxg2 O-O 15.e4 f4
16.e5 dxe5 17.dxe5 Rad8 18.b4 Rf5 19.Nf3 c5 20.b5 fxg3 21.fxg3 Rdf8 22.Rf1 g5
23.g4 Rf4 24.h3 h6 25.Rad1 Kg7 26.Rd3 R8f7 27.Rfd1 Nf8 28.Kg3 Ng6 29.Re3 Qb7
30.Rd6 Qe7 31.Rd2 Nh4 32.Rdd3 Qb7 33.Nxh4 gxh4+ 34.Kxh4 Qg2 35.Rd2 Qf1 36.Qd3 Qh1
37.Kh5 R7f5+ 38.gxf5 Rxf5+ 39.Kh4 Rf4+ 40.Kg3 Rf7 41.Re4 h5 42.Qe3 Kg6 43.Rh2 Qd1
44.Rg2 Qh1 45.Rf4 h4+ 46.Rxh4  1-0

[Event "41st Rubinstein Mem Open A"]
[Site "Polanica Zdroj POL"]
[Date "2005.08.19"]
[Round "1"]
[White "Przezdziecka,M"]
[Black "Kislov,M"]
[Result "0-1"]
[WhiteElo "2148"]
[BlackElo "2351"]

1.d4 Nf6 2.Nf3 e6 3.c4 Bb4+ 4.Bd2 Qe7 5.Nc3 a5 6.g3 d6 7.Bg2 O-O 8.O-O Bxc3
9.Bxc3 Ne4 10.Be1 f5 11.Nd2 Nf6 12.e4 Nc6 13.exf5 Nxd4 14.fxe6 Bxe6 15.Nb3 Nc6
16.Rc1 Qf7 17.Bc3 a4 18.Nd2 Ng4 19.Ne4 Qg6 20.h3 Nge5 21.b3 axb3 22.axb3 Bxh3
23.Bxh3 Qxe4 24.Qd5+ Qxd5 25.cxd5 Nf3+ 26.Kg2 Ne7 27.Bb4 Ng5 28.Rxc7 Nxd5
29.Rxb7 Ra2 30.Bxd6 Ne3+ 31.Kh1 Nxh3 32.Bxf8 Nxf1 33.Bc5 Nxf2+ 34.Kg1 Ne4
35.Bd4 Nh2 36.Rxg7+ Kf8  0-1

[Event "ch-AUT"]
[Site "Gmunden AUT"]
[Date "2005.08.20"]
[Round "10"]
[White "Weiss,C"]
[Black "Sommerbauer,N"]
[Result "1/2-1/2"]
[WhiteElo "2429"]
[BlackElo "2427"]

1.c4 e6 2.Nf3 Nf6 3.d4 Bb4+ 4.Bd2 Qe7 5.e3 Bxd2+ 6.Nbxd2 d6 7.Qc2 e5 8.Bd3 exd4
9.Nxd4 Na6 10.O-O O-O 11.a3 Nc5 12.Be2 Bg4 13.Bxg4 Nxg4 14.b4 Nd7 15.N2f3  1/2-1/2

[Event "Independence Cup A"]
[Site "Kiev UKR"]
[Date "2005.08.20"]
[Round "9"]
[White "Sergienko,N"]
[Black "Kuzmenko,Y"]
[Result "0-1"]
[WhiteElo "2166"]
[BlackElo "2291"]

1.Nf3 Nf6 2.d4 e6 3.c4 Bb4+ 4.Bd2 Bxd2+ 5.Nbxd2 d6 6.g3 Nc6 7.Bg2 e5 8.d5 Nb8
9.h3 Qe7 10.e4 a5 11.a3 a4 12.Qc2 Nbd7 13.g4 h5 14.g5 Nh7 15.h4 Nhf8 16.Bh3 Ng6
17.Bxd7+ Bxd7 18.Rc1 b6 19.Ng1 O-O 20.Ne2 f6 21.Qd3 fxg5 22.hxg5 Qxg5 23.Qg3 Qxg3
24.Nxg3 h4 25.Ne2 Rf6 26.Rc3 Raf8 27.f3 Kf7 28.Nf1 Ke7 29.Nh2 Nf4 30.Nxf4 Rxf4
31.Rg1 Kf6 32.Rc2 h3 33.Rg3 g5 34.Rf2 Kg6 35.Rf1 Kh5 36.Rfg1 g4 37.fxg4+ Kh4
38.Re3 Rf2 39.Rh1 Rxb2 40.Rf1 Rb1+ 41.Ke2 Bxg4+ 42.Nf3+ Bxf3+ 43.Rexf3 Rxf1
44.Rxf1 Rxf1 45.Kxf1 Kg3  0-1

[Event "2nd Open Fincas Mediterranea"]
[Site "Castelldefels ESP"]
[Date "2005.08.21"]
[Round "5"]
[White "Hernando Rodrigo,Ju"]
[Black "Escobar Torres,A"]
[Result "1/2-1/2"]
[WhiteElo "2371"]
[BlackElo "2095"]

1.d4 Nf6 2.c4 e6 3.Nf3 Bb4+ 4.Bd2 Qe7 5.e3 b6 6.Bd3 Bb7 7.O-O Bxd2 8.Nbxd2 d6
9.b4 e5 10.Bc2 Nbd7 11.Nb3 O-O 12.Nfd2 Rfe8 13.d5 c6 14.e4 Rac8 15.Bd3 c5
16.a3 g6 17.g3 Rc7 18.f4 exf4 19.gxf4 Nh5 20.bxc5 Nxc5 21.Nxc5 bxc5 22.Qf3 f6
23.Rae1 Rf8 24.Qg2 Qg7 25.Be2 Qh6 26.Bxh5 Qxh5 27.Qg3 Qh6 28.Re3 Re7 29.Rfe1 Ba6
30.R3e2 Ref7 31.Rf2 Qh5 32.Rg2 Rd8 33.Qc3 Qh4 34.Rf1 Bc8 35.Rg3 Re8 36.Rf2 Qh5
37.Rfg2 Qh4 38.Kf2 Kf8 39.Rg1 Qh5 40.R1g2 Qh4 41.f5 gxf5 42.Nf3 Qxe4 43.Rg8+ Ke7
44.Rxe8+ Kxe8 45.Rg8+ Rf8 46.Rxf8+ Kxf8 47.Qxf6+ Ke8 48.Qh8+ Kd7 49.Qxh7+ Kd8
50.Qh8+ Kc7 51.Qg7+ Bd7 52.Qc3 f4 53.h4 Qg6 54.Qa5+ Kb7 55.Qe1 Ba4  1/2-1/2

[Event "Rudenko mem"]
[Site "St Petersburg RUS"]
[Date "2005.08.21"]
[Round "2"]
[White "Shaidullina,S"]
[Black "Yugina,M"]
[Result "1-0"]
[WhiteElo "2331"]
[BlackElo "2023"]

1.d4 Nf6 2.Nf3 e6 3.c4 Bb4+ 4.Bd2 a5 5.g3 O-O 6.Bg2 b6 7.O-O Bb7 8.Bg5 Be7
9.Bxf6 Bxf6 10.Nc3 d6 11.Qc2 g6 12.Rad1 Bg7 13.e4 Qe7 14.Rfe1 Nd7 15.b3 Rfd8
16.Re2 Rac8 17.h3 Bh6 18.Nh2 c5 19.d5 e5 20.Rf1 Rf8 21.Ng4 Bg7 22.Ne3 Rce8
23.Kh2 Bc8 24.a3 Nf6 25.b4 Nh5 26.Bf3 Qg5 27.bxa5 bxa5 28.h4 Qh6 29.Bg4 Nf6
30.Bxc8 Rxc8 31.Rb1 Rb8 32.Ree1 Qh5 33.Kg2 Ng4 34.Rxb8 Rxb8 35.Nb5 Nxe3+
36.Rxe3 Bh6 37.Rf3 Bf8 38.Qa4 f5 39.Nc3 Rb7 40.Qe8 Re7 41.Qc8 Rf7 42.Qe6 Kg7
43.Nb5 Rf6 44.Qd7+ Rf7 45.Qe8 Qg4 46.exf5 gxf5 47.Qd8 Be7 48.Qxa5 Qxc4 49.Nc7 Kg8
50.Qa8+ Bf8 51.Ne8 Qg4 52.Nxd6 Rf6 53.Ne8 Rg6 54.d6 e4 55.Qd5+ Kh8 56.Rxf5 Rg8
57.Nf6 Qg7 58.Rg5  1-0

[Event "Rudenko mem"]
[Site "St Petersburg RUS"]
[Date "2005.08.23"]
[Round "4"]
[White "Rumiantseva,M"]
[Black "Yugina,M"]
[Result "1/2-1/2"]
[WhiteElo "2021"]
[BlackElo "2023"]

1.d4 Nf6 2.c4 e6 3.Nf3 Bb4+ 4.Bd2 a5 5.g3 O-O 6.Bg2 b6 7.O-O Bb7 8.Bg5 Be7
9.Bxf6 Bxf6 10.Nc3 g6 11.e4 Bg7 12.Qd3 Nc6 13.d5 Nb4 14.Qd2 exd5 15.exd5 d6
16.Rfe1 Qd7 17.a3 Na6 18.b3 Nc5 19.Rab1 Rfe8 20.b4 Na4 21.Rxe8+ Qxe8 22.Re1 Qd7
23.Nxa4 Qxa4 24.Re7 Qxa3 25.Rxc7 Ba6 26.Qf4 Qa1+ 27.Bf1 Qf6 28.Ng5 Qxf4 29.gxf4 a4
30.Bd3 a3 31.Bb1 Re8 32.Kf1 Bc3 33.Ba2 Re1+ 34.Kg2 Re2 35.Ra7 Rxa2 36.Rxa6 Bxb4
37.Ra8+ Kg7 38.Ra7 Rd2 39.Ne6+  1/2-1/2

[Event "2nd Open Fincas Mediterranea"]
[Site "Castelldefels ESP"]
[Date "2005.08.24"]
[Round "8"]
[White "Halay,T"]
[Black "Escobar Torres,A"]
[Result "1-0"]
[WhiteElo "2320"]
[BlackElo "2095"]

1.d4 Nf6 2.c4 e6 3.Nf3 Bb4+ 4.Bd2 Qe7 5.Nc3 b6 6.Rc1 Bb7 7.g3 O-O 8.Bg2 c5
9.dxc5 Qxc5 10.O-O Qh5 11.Nb5 Bxd2 12.Qxd2 Na6 13.Nd6 Nc5 14.Qd4 Rab8 15.b4 Na6
16.a3 Nc7 17.e4 Ba8 18.Rfe1 Rfd8 19.c5 Nce8 20.Ne5 Nxd6 21.cxd6 Ng4 22.Nxg4 Qxg4
23.Rc7 Bb7 24.h3 Qg5 25.a4 e5 26.Qe3 Qxe3 27.Rxe3 a5 28.b5 g6 29.h4 Kf8 30.Bh3 Ke8
31.f3 Bc8 32.Rec3 Bb7 33.Kf2 f6 34.Ke2 h5 35.Kd2 f5 36.exf5  1-0

[Event "2nd Open Fincas Mediterranea"]
[Site "Castelldefels ESP"]
[Date "2005.08.24"]
[Round "8"]
[White "Hernando Rodrigo,Jo"]
[Black "Kluss,K"]
[Result "1-0"]
[WhiteElo "2351"]
[BlackElo "2192"]

1.d4 Nf6 2.c4 e6 3.Nf3 Bb4+ 4.Bd2 Qe7 5.g3 Nc6 6.Nc3 Bxc3 7.Bxc3 Ne4 8.Rc1 Nxc3
9.Rxc3 d6 10.d5 Nb8 11.Qa4+ Nd7 12.dxe6 fxe6 13.Bg2 O-O 14.b4 a5 15.bxa5 Rf5
16.Ra3 Rc5 17.Qb4 d5 18.O-O Qf6 19.cxd5 exd5 20.e4 Rc4 21.Qd2 d4 22.e5 Qe7
23.Ng5 Nxe5 24.Bd5+ Kh8 25.Bxc4 Qxa3 26.Qxd4 Bh3 27.Qxe5 Bxf1 28.Qf5 Bd3
29.Bxd3 Qc1+ 30.Bf1  1-0

[Event "50th Ann Festival GM"]
[Site "Villa Martelli ARG"]
[Date "2005.08.24"]
[Round "7"]
[White "Slipak,S"]
[Black "Valerga,D"]
[Result "1/2-1/2"]
[WhiteElo "2489"]
[BlackElo "2499"]

1.d4 Nf6 2.c4 e6 3.Nf3 Bb4+ 4.Bd2 c5 5.Bxb4 cxb4 6.a3 bxa3 7.Rxa3 O-O 8.Nc3 d6
9.e3 Nc6 10.Be2 e5 11.O-O Bg4 12.Qd2 a6 13.h3 Bh5 14.Rd1 Rc8 15.Nd5 Nxd5
16.cxd5 e4 17.g4 exf3 18.Bxf3 Nxd4 19.Qxd4 Bg6 20.e4 Re8 21.Re1 f6 22.Rc3 Rxc3
23.bxc3 Qc7 24.c4 b5 25.cxb5 axb5 26.Qb4 Qc4 27.Rb1 Qxb4 28.Rxb4 Kf8 29.Rxb5 Bxe4
30.Bxe4 Rxe4 31.Rb6 Re5 32.Rxd6  1/2-1/2

[Event "2nd Dato' Arthur Tan Malaysian Open"]
[Site "Kuala Lumpur MAS"]
[Date "2005.08.25"]
[Round "10"]
[White "Kunte,A"]
[Black "Juswanto,D"]
[Result "1-0"]
[WhiteElo "2561"]
[BlackElo "2509"]

1.d4 Nf6 2.Nf3 e6 3.c4 Bb4+ 4.Bd2 a5 5.g3 d5 6.Bg2 O-O 7.O-O dxc4 8.Qc2 b6
9.Bg5 Ba6 10.Rd1 Ra7 11.Ne5 Qe8 12.Bxf6 gxf6 13.Nxc4 a4 14.a3 Be7 15.Nbd2 b5
16.Ne3 f5 17.Rac1 b4 18.Nec4 Bb5 19.axb4 Na6 20.Nf3 Nxb4 21.Qd2 Na2 22.Rc2 Nb4
23.Re1 Nd5 24.Nfe5 f6 25.Nd3 c6 26.Na3 Bxa3 27.bxa3 Rg7 28.Nc5 h5 29.Rec1 f4
30.Bxd5 exd5 31.Qxf4 f5 32.Rb2 Rg6 33.Rbb1 Bc4 34.Rb7 Rf7 35.Rxf7 Qxf7  1-0

[Event "Operation Capablanca"]
[Site "Vienna AUT"]
[Date "2005.08.25"]
[Round "2"]
[White "Markos,J"]
[Black "Meier,Geo"]
[Result "1/2-1/2"]
[WhiteElo "2495"]
[BlackElo "2437"]

1.d4 Nf6 2.c4 e6 3.Nf3 Bb4+ 4.Bd2 Bxd2+ 5.Qxd2 O-O 6.Nc3 d6 7.e4 Nc6 8.Rd1 Qe7
9.e5 dxe5 10.dxe5 Ng4 11.Qf4 f5 12.h3 Nh6 13.Be2 b6 14.O-O Bb7 15.a3 Nf7
16.h4 Rad8 17.Rfe1 Rxd1 18.Bxd1 Rd8 19.Ba4 Qc5 20.Nb5 Qe7 21.Nc3 h6 22.h5 Ng5
23.Rd1 Nxf3+ 24.Qxf3 Rxd1+ 25.Nxd1 Nd8 26.Qg3 Nf7 27.Ne3 Qc5 28.Bd7 Qe7 29.Ba4 Qc5  1/2-1/2

[Event "XVI ch-NATO"]
[Site "Kolobrzeg POL"]
[Date "2005.08.27"]
[Round "7"]
[White "Cheung,J"]
[Black "Nielsen,RO"]
[Result "0-1"]
[WhiteElo "2124"]
[BlackElo "2235"]

1.d4 Nf6 2.c4 e6 3.Nf3 Bb4+ 4.Bd2 Qe7 5.g3 O-O 6.Bg2 Bxd2+ 7.Nbxd2 d6 8.O-O e5
9.e4 Nbd7 10.Qc2 g6 11.d5 Nh5 12.Bh3 Ng7 13.Nh4 a5 14.Rae1 b6 15.Kh1 f6 16.f4 exf4
17.gxf4 f5 18.Ndf3 fxe4 19.Rxe4 Qf6 20.Be6+ Kh8 21.Ree1 Nc5 22.Bxc8 Raxc8
23.Ng5 Rce8 24.Ng2 Nf5 25.b3 h6 26.Ne4 Nxe4 27.Rxe4 Rxe4 28.Qxe4 Rf7 29.Qe8+ Kg7
30.Ne3 Nxe3 31.Qxe3 Re7 32.Qg3 Qf5 33.Re1 Rxe1+ 34.Qxe1 Qxf4 35.Qe7+ Qf7
36.Qe2 Qf6 37.Kg2 Qe5 38.Qg4 Qe7 39.Qd4+ Kh7 40.Qg4 h5 41.Qd1 Qe4+ 42.Kg3 Qe5+
43.Kh3 Qc3+ 44.Kg2 Qb2+ 45.Kg3 Qxa2 46.Qf3 Qb2 47.h4 Qe5+ 48.Kg2 Kg7 49.Qd3 g5
50.hxg5 Qxg5+ 51.Kh1 Qh4+ 52.Kg2 Qf6 53.Kh1 h4 54.Qe4 Qa1+ 55.Kh2 Qe5+ 56.Qxe5+ dxe5  0-1